000 00742nam a2200205Ia 4500
008 130821s2012 xxuab gr eng
020 _a978 1 60426 732 7
040 _aCo-BoUCM.
_bspa
041 0 0 _aeng
100 1 _aNau, Henry R.
_d1941-
_9169470
245 1 0 _aPerspectives on international relations power, institutions, ideas
_cHenry R. Nau
250 _a3a ed.
260 _aWashington D.C. (Estados Unidos)
_bCQ Press
_c2012
300 _axxxvi, 524 páginas
_bilustraciones, mapas
504 _aIncluye referencias bibliográficas e índices.
650 _aPolítica internacional
_921990
650 _aRelaciones internacionales
_98042
942 _cLIBRO
_a6
_e3
_mN287p
_2DEWEY
_h327.101
999 _c76395
_d76395